Pokémon - Les différentes Poké Ball - Statistiques

Statistiques générales
  • Ce quiz a été pris 39 fois
  • Le résultat moyen est 32 sur 74
Statistiques - réponses
Par images Réponse % Correct
Hyper Ball
100%
Hyper Ball
100%
Master Ball
100%
Poké Ball
100%
Poké Ball
100%
Super Ball
100%
Super Ball
100%
Love Ball
97%
Safari Ball
91%
Safari Ball
91%
Honor Ball
88%
Rapide Ball
88%
Sombre Ball
88%
Chrono Ball
85%
Filet Ball
82%
Masse Ball
82%
Masse Ball
82%
Luxe Ball
79%
Soin Ball
76%
Ultra Ball
76%
Speed Ball
71%
Bis Ball
68%
Lune Ball
68%
Scuba Ball
68%
GS Ball
59%
Copain Ball
50%
Faiblo Ball
50%
Appât Ball
47%
Niveau Ball
47%
Mémoire Ball
41%
Plume Ball
35%
Rêve Ball
35%
Team Aqua Ball
32%
Team Magma Ball
32%
Team Rocket Ball
32%
Team Rocket Ball
32%
Team Rocket Ball
32%
Origine Ball
29%
Team Plasma Ball
29%
Compét'Ball
26%
Envol Ball
26%
Gigamasse Ball
26%
Mégamasse Ball
26%
Pikachu Ball
26%
Bulbizarre Ball
21%
Carapuce Ball
21%
Étrange Ball
21%
Parc Ball
21%
Parc Ball
21%
Salamèche Ball
21%
Agass'Ball
18%
Dark Ball
18%
Mewtwo Ball
18%
Ancienne Ball
15%
Poké Ball Dorée
15%
Poké Ball Verte
15%
Propulse Ball
15%
Team Aqua Super Ball
15%
Team Magma Super Ball
15%
Unité Ball
15%
Annie Ball
12%
Clavi Ball
12%
Course-Poursuite Ball
12%
Cristal Ball
12%
Lac Ball
12%
Leveinard Ball
12%
Miaoussi Ball
12%
Oakley Ball
12%
Parc des Combats Ball
12%
Pêche Ball
12%
Poké Ball Géante de Pierre
12%
Pokélantis Ball
12%
Richie Ball
12%
Samy Ball
12%
Aucun quiz correspondant
Distribution des résultats
% des personnes avec chaque résultat
Percentile par nombre de réponses
Votre historique - résultats
Vous n’avez pas pris ce quiz